00486nam a2200145Ia 4500008004100000020001800041082002100059100002400080245008800104250000600192260002700198300001100225500008000236650002400316120622s9999 xx 000 0 und d a968-451-653-3 a380.1 S792f 1986 aStanton, William J. aFundamentos de mercadotécnia / William J. Stanton ; tr. Armando Sánchez Pérez a3 aMéxico : McGraw-Hill a779 p. aTítulo original: Fundamentals of marketing \ Incluye índice analítico a1. MERCADOTECNIAÌ